| 000 | 01638nam a22003377a 4500 | ||
|---|---|---|---|
| 005 | 20090703112327.0 | ||
| 008 | 090703t xxu||||| |||| 00| 0 hin d | ||
| 010 | _aHIN-87172 | ||
| 020 |
_a9788190778817 _c150.00 |
||
| 035 | _aHN-59518 | ||
| 037 | _bDBAD / PUB | ||
| 040 |
_adpl _bhn |
||
| 082 | _a230.3 | ||
| 100 | _aमिश्रा, एस.के. | ||
| 245 |
_aअध्यात्मः सामाजिक सन्दर्भ / _bएस.के.मिश्रा; एल. उमाशंकर सिंह द्वारा संपादित |
||
| 246 |
_aAdhyaatma: saamaajika sandarbha _bby S.K. Mishra |
||
| 250 | _a2रा संस्क. | ||
| 260 |
_aवाराणसी _bपुस्तक पथ _c2009 |
||
| 270 |
_aबी-32/32 ए-14 साकेत नगर, _bवाराणसी _e221005 _k09415256054, 09415270006 |
||
| 300 |
_a144पृ.. _c22सेमी (सजिल्द) |
||
| 650 | _aहिन्दू धर्म | ||
| 650 | _aHinduism | ||
| 650 | _aSpritualism | ||
| 650 | _aSpritualism | ||
| 650 | _aआध्यात्मवाद | ||
| 650 | _aSpritualism | ||
| 700 | _aउमाशंकर सिंह, एल. | ||
| 942 |
_2ddc _cHN _mमिश्राए _h230.3 |
||
| 999 |
_c28051 _d28051 |
||